000 00515ntaaa2200193 4500
003 01
005 20251027203206.0
008 0714s1973 ag 01
020 _a997891045X
040 _aAR-BaBN
_bspa
_cAR-BaBN
_eaacr
_dRIC
082 _a289.94 C15e
100 _aCampos, Bernardo
_933589
245 _aExperiencia del Espiritu
250 _a1 ed
260 _aQuito :
_bCLAI,
_c2002
300 _a172 p ;
_c21 cm
500 _aBibliografía: p 158-171. Contiene notas y referencia bibliográficas
942 _cBK
999 _c27378
_d27378